Historia de las doctrinas económicas (Registro nro. 5417)

Detalles MARC
000 -LEADER
fixed length control field 00836 a2200229 4500
001 - CONTROL NUMBER
control field 54246
005 - DATE AND TIME OF LATEST TRANSACTION
control field 20260407155813.0
008 - FIXED-LENGTH DATA ELEMENTS--GENERAL INFORMATION
fixed length control field 260407a1961 arg spa d
003 - CONTROL NUMBER IDENTIFIER
control field AR-UNSa-BCEJYS
040 ## - CATALOGING SOURCE
Original cataloging agency AR-UNSa-BCEJYS
Language of cataloging spa
Transcribing agency AR-UNSa-BCEJYS
080 ## - UNIVERSAL DECIMAL CLASSIFICATION NUMBER
Universal Decimal Classification number 330.8
Common auxiliary subdivision Historia de las teorías, Doctrinas, Dogmas económicos (pensamiento económico)
041 ## - LANGUAGE CODE
Language code of text/sound track or separate title spa
100 1# - MAIN ENTRY--PERSONAL NAME
Personal name Gonnard, René
245 10 - TITLE STATEMENT
Title Historia de las doctrinas económicas
264 #1 - PRODUCTION, PUBLICATION, DISTRIBUTION, MANUFACTURE, AND COPYRIGHT NOTICE
Place of production, publication, distribution, manufacture Madrid :
Name of producer, publisher, distributor, manufacturer Aguilar
Date of production, publication, distribution, manufacture, or copyright notice 1961
300 ## - PHYSICAL DESCRIPTION
Extent 643 p.
Dimensions 22 cm.
505 ## - FORMATTED CONTENTS NOTE
Formatted contents note 1. Edad antigua y edad media - 2. El mercantilismo - 3. La fisiocracia - 4. La escuela liberal - 5. el socialismo en los siglos XIX y XX - 6. Escuelas realistas
590 ## - LOCAL NOTE (RLIN)
Local note niveau_biblio:m niveau_hierar:0
700 1# - ADDED ENTRY--PERSONAL NAME
Personal name Campo Moreno, J.
700 1# - ADDED ENTRY--PERSONAL NAME
Personal name Rodríguez Mellado, Inocencia
942 ## - ADDED ENTRY ELEMENTS (KOHA)
Koha item type
Existencias
Withdrawn status Lost status Damaged status Not for loan Home library Current library Shelving location Date acquired Total checkouts Full call number Barcode Date last seen Price effective from Koha item type
        Biblioteca Prof. Eusebio Cleto del Rey Biblioteca Prof. Eusebio Cleto del Rey   07/04/2026   330.8 G639 L20677 07/04/2026 07/04/2026 Libro